Estatuaria pública de Barcelona / Manuel García-Martín ; prólogo de Francesc Fontbona
ISBN:
84-398-2325-8
Descripción Física:
v. : principalment il. ; 36 cm
MARC
| LEADER | 00000nam a2200000Ia 4500 | ||
|---|---|---|---|
| 001 | 20639 | ||
| 008 | 160829s1984 xx 000 0 cat d | ||
| 020 | |a 84-398-2325-8 (o.c.), 84-398-2326-x (v.1) | ||
| 080 | |a FOL-3-48 | ||
| 100 | |a García-Martín, Manuel |9 28494 | ||
| 245 | |a Estatuaria pública de Barcelona / Manuel García-Martín ; prólogo de Francesc Fontbona | ||
| 260 | |a Barcelona : |b Catalana de Gas i Electricitat S.A., |c 1984 | ||
| 300 | |a v. : |b principalment il. ; |c 36 cm | ||
| 590 | |a Donació del fotògraf Eduardo Díaz Vigo, novembre 2008 | ||
| 650 | |a Escultura |x Barcelona |9 38546 | ||
| 650 | |a Estàtues |x Barcelona |9 38547 | ||
| 650 | |a Escultura moderna |x S. XIX |x Barcelona I |9 38548 | ||
| 650 | |a Escultura moderna |x S. XX |x Barcelona |9 38549 | ||
| 700 | |a Catalana de Gas Electricitat |9 38550 | ||
| 700 | |a Fontbona, Francesc |9 26331 | ||
| 866 | |a 1 | ||
| 901 | |a Arxiu | ||
| 942 | |n 1 | ||
| 952 | |0 0 |1 0 |4 0 |6 FOL348 |7 1 |9 48466 |a Arxiu |b Arxiu |d 2016-12-01 |l 0 |o FOL-3-48 |p 20639 |r 2016-12-01 00:00:00 |w 2016-12-01 |y ARXIU | ||
| 999 | |c 52295 |d 52295 | ||